The 12th International Conference on Problems of Material Engineering, Mechanics and Design : August, 29.-31.2007, Jasná/Slovak Republic

Salvato in:
Dettagli Bibliografici
Natura: Libro
Lingua:inglese
Pubblicazione: Trenčín : Trenčianska univerzita Alexandra Dubčeka v Trenčíne, 2007
Edizione:1. vyd
Tags: Aggiungi Tag
Nessun Tag, puoi essere il primo ad aggiungerne!!

MARC

LEADER 00000nam a22000003a 4500
001 stu145607
005 20150408163439.9
008 070919s2007----xo------------------eng-d
020 |a 978-80-969728-1-4 
040 |a STU  |b slo 
041 0 |a eng 
044 |a xo 
245 |a The 12th International Conference on Problems of Material Engineering, Mechanics and Design :  |b August, 29.-31.2007, Jasná/Slovak Republic 
250 |a 1. vyd 
260 |a Trenčín :  |b Trenčianska univerzita Alexandra Dubčeka v Trenčíne,  |c 2007 
300 |a 127 s  |c 1 CD-ROM 
500 |a CD-ROM obsahuje plné texty príspevkov 
996 |b 284M066288  |c M*Z-3101  |l MMKN  |s A  |a 24  |w stu145607_0001